| 000 | 00960aam a2200325 i 4500 | ||
|---|---|---|---|
| 999 |
_c46024 _d46024 |
||
| 001 | 768714001 | ||
| 003 | CO-MdFUSB | ||
| 005 | 20201026170820.0 | ||
| 007 | ta | ||
| 008 | 200515t1956 enk |||| |||| 00| 0 eng d | ||
| 020 | _a[No incluye ISBN] | ||
| 040 |
_bspa. _aCO-MdFUSB _cCO-MdFUSB _dCO-MdFUSBC _erda |
||
| 041 | _aeng | ||
| 082 |
_223 _a225.92 _bL913 |
||
| 100 | 1 |
_aLowe, John _eautor |
|
| 245 | 1 | 0 |
_aSaint Peter _c/ John Lowe |
| 264 | 1 |
_aOxford, Inglaterra : _bThe Clarendon Press, _c[1956] |
|
| 264 | 4 | _c© 1956 | |
| 300 |
_a65 páginas _c; 19 cm |
||
| 336 |
_atexto _btxt _2rdacontent |
||
| 337 |
_2rdamedia _asin mediación _bn |
||
| 338 |
_2rdacarrier _avolumen _bnc |
||
| 505 | _aPedro el apóstolo - Pedro el mártir - El primado de Pedro | ||
| 563 | _aPasta dura | ||
| 600 | 0 |
_aPedro _cSanto _xBiografía |
|
| 630 | 7 |
_aBiblia. _pPedro, 1ª _xCrítica, interpretación, etc. |
|
| 942 | _cBK | ||
| 945 | _aJTF-925 | ||